Una inversion vital para el despegue de todos los puertos bonaerenses /

Guardado en:
Formato: Libro
Publicado: La Plata : Latina Comunicaciones, 1996
Materias:
Fc
Etiquetas: Agregar Etiqueta
Sin Etiquetas, Sea el primero en etiquetar este registro!
LEADER 00514nam a22001695a 4500
001 CEM.cems009399
005 20060214000000.0
008 130507s1996##################000#0#####d
003 CEMS
082 0 4 |a F982.1 
245 0 0 |a Una inversion vital para el despegue de todos los puertos bonaerenses / 
260 |a La Plata :  |b Latina Comunicaciones,  |c 1996 
300 |a 19-34 p.p. 
653 |a Bahia blanca-puertos 
653 |a Fc 
653 |a La plata-zona franca 
859 |a CEMS  |b BIB. CEMS - 11 de abril  |h F982.1  |i 4-6  |p 1498.44  |t Ej.1